Les noblesses en France : Du XVIe au milieu du XIXe siècle (notice n° 2197929)
[ vue normale ]
| 000 -LEADER | |
|---|---|
| fixed length control field | 01644cam a2200133 4500500 |
| 005 - DATE AND TIME OF LATEST TRANSACTION | |
| control field | 20260405085459.0 |
| 041 ## - LANGUAGE CODE | |
| Language code of text/sound track or separate title | fre |
| 042 ## - AUTHENTICATION CODE | |
| Authentication code | dc |
| 100 10 - MAIN ENTRY--PERSONAL NAME | |
| Personal name | Figeac, Michel |
| Relator term | author |
| 245 00 - TITLE STATEMENT | |
| Title | Les noblesses en France : Du XVIe au milieu du XIXe siècle |
| 260 ## - PUBLICATION, DISTRIBUTION, ETC. | |
| Name of publisher, distributor, etc. | Armand Colin,<br/> |
| Date of publication, distribution, etc. | 2013.<br/> |
| 520 ## - SUMMARY, ETC. | |
| Summary, etc. | Qu’est-ce que la noblesse en France ? Comment s’est-elle construite et comment, du XVIe siècle à la révolution de 1848, a-t-elle pu survivre aux guerres de Religion, à la Fronde, aux assauts de la monarchie, comme à l’épisode révolutionnaire ? Longtemps abandonnée aux généalogistes, aux spécialistes de l’héraldique et aux biographes mondains, cette catégorie sociale a connu récemment un regain d’intérêt dont rend compte cet ouvrage. Il montre dans toute sa diversité et sa spécificité un groupe aux contours souvent flous car, loin d’être une, la noblesse se révèle multiforme, très variée selon l’époque, les régions, les niveaux de richesse et les usages. En faisant le tableau détaillé de la noblesse française, l’auteur raconte également l’histoire de l’État, des évolutions économiques, de la culture matérielle et des courants de pensée sur plus de trois siècles. Ce temps long permet de montrer combien la noblesse française a, malgré de profondes mutations, conservé une image une – identité ? – qui a perduré à travers le temps et combien valeurs et modèles nobiliaires ont toujours imprégné profondément les mentalités des élites. |
| 856 41 - ELECTRONIC LOCATION AND ACCESS | |
| Uniform Resource Identifier | <a href="https://shs.cairn.info/les-noblesses-en-france--9782200246389?lang=fr&redirect-ssocas=7080">https://shs.cairn.info/les-noblesses-en-france--9782200246389?lang=fr&redirect-ssocas=7080</a> |
Pas d'exemplaire disponible.




Réseaux sociaux